[Event "Druzynowe Mistrzostwa Polski - I Liga Seniorow 2019"]
[Site "Osrodek „Grod Piastow” ul. Jachtowa 42, 78-131 Dzwirzyno"]
[Date "1899-12-30"]
[Round "3.9"]
[White "Koziol, Kamil"]
[Black "Rawicz, Karol"]
[Result "1/2-1/2"]
[WhiteTitle "FM"]
[BlackTitle "FM"]
[WhiteElo "2292"]
[BlackElo "2200"]

1. e4 e5 2. Nf3 Nc6 3. Bb5 a6 4. Ba4 Nf6 5. Bxc6 dxc6 6. d3 Nd7 7. Nbd2 Bd6 8.
Nc4 O-O 9. O-O Re8 10. h3 c5 11. Nh2 Nf8 12. a4 b6 13. b3 Ng6 14. Ng4 Be6 15.
Bb2 f6 16. Qf3 Qd7 17. Nce3 Rf8 18. Rfe1 Rae8 1/2-1/2

[Event "Druzynowe Mistrzostwa Polski - I Liga Seniorow 2019"]
[Site "Osrodek „Grod Piastow” ul. Jachtowa 42, 78-131 Dzwirzyno"]
[Date "1899-12-30"]
[Round "3.10"]
[White "Jaroch, Karol"]
[Black "Nowak, Mikolaj"]
[Result "1/2-1/2"]
[WhiteTitle "m"]
[BlackTitle "I++"]
[WhiteElo "2236"]
[BlackElo "2262"]

1. d4 c5 2. d5 g6 3. c4 Bg7 4. Nc3 d6 5. e4 Nf6 6. Nf3 O-O 7. Be2 e6 8. O-O exd5
9. cxd5 a6 10. a4 Nbd7 11. Bf4 Ne8 12. Nd2 b6 13. Bg3 Rb8 14. f4 f5 15. exf5 gxf5
16. Bd3 Nc7 17. Qc2 Nf6 18. Bh4 Qd7 19. Rf3 Kh8 20. Bxf6 Bxf6 21. Kh1 b5 22. axb5
Nxb5 23. Rh3 Qb7 24. Nc4 Bxc3 25. bxc3 Qxd5 26. Ne3 Qf7 27. g4 Qg7 28. Rc1 c4
29. Bxf5 Bxf5 30. gxf5 Rg8 31. f6 Qb7+ 32. Ng2 Rbf8 33. Re1 Rxf6 34. Rg3 Rff8
35. Re4 Rxg3 36. hxg3 Qg7 37. Re3 d5 38. Kh2 Rd8 39. Nh4 d4 40. cxd4 Qxd4 41.
Qe2 Qd2 42. Re8+ Kg7 43. Re7+ Kf8 44. Re8+ 1/2-1/2

[Event "Druzynowe Mistrzostwa Polski - I Liga Seniorow 2019"]
[Site "Osrodek „Grod Piastow” ul. Jachtowa 42, 78-131 Dzwirzyno"]
[Date "1899-12-30"]
[Round "3.11"]
[White "Tomaszewski, Kacper"]
[Black "Samborski, Henryk"]
[Result "1-0"]
[WhiteTitle "FM"]
[BlackTitle "k"]
[WhiteElo "2363"]
[BlackElo "2098"]

1. d4 Nf6 2. c4 g6 3. Nc3 Bg7 4. e4 d6 5. Nge2 O-O 6. Ng3 c5 7. d5 e6 8. Be2 exd5
9. cxd5 a6 10. a4 Nbd7 11. O-O Re8 12. f3 Rb8 13. a5 b5 14. axb6 Rxb6 15. Qc2
h5 16. Nh1 Nh7 17. Nf2 Bd4 18. Na4 Rb8 19. Bd2 h4 20. Bc3 Be3 21. Kh1 Ne5 22.
Nd3 Nxd3 23. Bxd3 Nf6 24. Rfe1 Bf4 25. b3 Nh5 26. Nb2 Qg5 27. Nc4 Bd7 28. Bd2
Bb5 29. Bxf4 Qxf4 30. Qf2 g5 31. Kg1 Qf6 32. Bf1 Nf4 33. g3 hxg3 34. hxg3 Bxc4
35. bxc4 Rb2 36. e5 Rxf2 37. exf6 Rxe1 38. Rxe1 Rxf3 39. gxf4 gxf4 40. Ra1 Rg3+
41. Kf2 Rg6 42. Rxa6 Rxf6 43. Bd3 Kg7 44. Kf3 Kh6 45. Ra8 Kg7 46. Rd8 Kh6 47.
Rh8+ Kg7 48. Rh5 Kf8 49. Bf5 1-0

[Event "Druzynowe Mistrzostwa Polski - I Liga Seniorow 2019"]
[Site "Osrodek „Grod Piastow” ul. Jachtowa 42, 78-131 Dzwirzyno"]
[Date "1899-12-30"]
[Round "3.12"]
[White "Worek, Joanna"]
[Black "Cieslak, Wiktoria"]
[Result "1-0"]
[WhiteTitle "WGM"]
[BlackTitle "k++"]
[WhiteElo "2308"]
[BlackElo "2063"]

1. e4 c5 2. Nf3 d6 3. d4 cxd4 4. Qxd4 a6 5. Be2 Nf6 6. O-O Nc6 7. Qe3 e6 8. c4
Be7 9. h3 O-O 10. Nc3 Qc7 11. b3 Rb8 12. Bb2 Bd7 13. Rac1 Rfd8 14. Rfd1 Be8 15.
a3 Na5 16. Nd2 b6 17. b4 Nc6 18. Nb3 Ne5 19. f4 Nxc4 20. Bxc4 Qxc4 21. Nd5 Nxd5
22. exd5 Qb5 23. dxe6 f6 24. Rc7 Kf8 25. Rdc1 Qd5 26. Rxe7 Kxe7 27. Rc7+ Bd7 28.
exd7+ Kf7 29. Nd4 Rb7 30. Rxb7 Qxb7 31. Qe6+ Kf8 32. a4 Rxd7 33. b5 axb5 34. axb5
Re7 35. Qxd6 Kf7 36. Nc6 Rd7 37. Nd8+ Rxd8 38. Qxd8 Qe4 39. Qd7+ Kg6 40. f5+ Kh5
41. Qf7+ Kh4 42. Bxf6+ 1-0

[Event "Druzynowe Mistrzostwa Polski - I Liga Seniorow 2019"]
[Site "Osrodek „Grod Piastow” ul. Jachtowa 42, 78-131 Dzwirzyno"]
[Date "1899-12-30"]
[Round "3.13"]
[White "Cukrowski, Filip"]
[Black "Klekowski, Maciej"]
[Result "1-0"]
[WhiteTitle "FM"]
[BlackTitle "IM"]
[WhiteElo "2410"]
[BlackElo "2473"]

1. e4 c5 2. c3 Nf6 3. e5 Nd5 4. d4 cxd4 5. Nf3 Nc6 6. cxd4 d6 7. Bc4 e6 8. O-O
Be7 9. Qe2 O-O 10. Nc3 Nxc3 11. bxc3 dxe5 12. dxe5 Qa5 13. Bd2 b6 14. Bb5 Bb7
15. a3 Rad8 16. Nd4 Rxd4 17. cxd4 Nxd4 18. Bxa5 Nxe2+ 19. Bxe2 bxa5 20. Rfc1 Bd8
21. Rc3 Bb6 22. Rd1 g6 23. h4 Rb8 24. Bf3 Ba6 25. g3 Bb5 26. Be4 h5 27. Kg2 Kf8
28. f3 a4 29. Rb1 a6 30. Rd1 Ba5 31. Rc5 Bd8 32. Rdc1 Rb6 33. Rc8 Ke7 34. Bc6
Bxc6 35. R8xc6 Rb5 36. f4 Bb6 37. R6c4 a5 38. R1c2 Rb3 39. Rxa4 Kd7 40. Rac4 Rxa3
41. Rb2 Be3 42. Rb7+ Kd8 43. Rcc7 Ra2+ 44. Kf3 Ra3 45. Ke4 1-0

[Event "Druzynowe Mistrzostwa Polski - I Liga Seniorow 2019"]
[Site "Osrodek „Grod Piastow” ul. Jachtowa 42, 78-131 Dzwirzyno"]
[Date "1899-12-30"]
[Round "3.14"]
[White "Barski, Radoslaw"]
[Black "Lewtak, Damian"]
[Result "1/2-1/2"]
[WhiteTitle "IM"]
[BlackTitle "FM"]
[WhiteElo "2425"]
[BlackElo "2377"]

1. e4 d6 2. d4 Nf6 3. Nc3 e5 4. Nge2 Be7 5. g3 c6 6. a4 Nbd7 7. Bg2 Qc7 8. O-O
b6 9. h3 h5 10. Be3 a6 11. Qd2 Bb7 12. d5 Rc8 13. dxc6 Bxc6 14. Nd5 Nxd5 15. exd5
Bb7 16. Rfc1 f5 17. c4 a5 18. b4 axb4 19. Qxb4 Bd8 20. Nc3 Ba6 21. Nb5 Bxb5 22.
cxb5 Nc5 23. Qd2 Be7 24. a5 bxa5 25. Bxc5 dxc5 26. Qxa5 Qxa5 27. Rxa5 O-O 28.
Ra6 Rfd8 29. Bf1 Kf8 30. Bc4 Rb8 31. Kg2 Bd6 32. Ra7 Rb6 33. Rca1 Bb8 34. Ra8
Ke7 35. R1a6 Rdd6 36. g4 hxg4 37. hxg4 fxg4 38. Kg3 Rf6 39. Rxb6 Rxb6 40. Kxg4
Kd7 41. Kf3 Kc7 42. Ke3 Rf6 43. f3 Kb7 44. Ra2 Rf4 45. Bd3 c4 46. Be4 Kb6 47.
Kd2 g5 48. Ra8 Bc7 49. d6 Bxd6 50. Ra6+ Kxb5 51. Rxd6 g4 52. Ke3 gxf3 53. Bxf3
c3 54. Be2+ Kc5 55. Re6 Rd4 56. Rxe5+ Rd5 57. Re4 Kd6 58. Ra4 Rc5 59. Ra1 c2 60.
Rc1 Ke5 61. Bd3 Rc3 62. Kd2 Rc5 63. Bxc2 Kd4 64. Ra1 Rc7 65. Bd3 Rg7 66. Ra4+
Ke5 67. Rh4 Rg8 68. Kc3 Rc8+ 69. Bc4 Rf8 70. Rh1 Rf3+ 71. Bd3 Rf4 72. Rh5+ Ke6
73. Kd2 Rf3 74. Ke2 Rg3 75. Be4 Kf6 76. Ra5 Rb3 77. Bd3 Rb4 78. Ke3 Rg4 79. Be4
Rg1 80. Kf4 Rf1+ 81. Bf3 Re1 82. Ra3 Rf1 83. Ra6+ Ke7 84. Ke4 Rg1 85. Kd4 Rg3
86. Bd5 Rg4+ 87. Kc5 Rg5 88. Rh6 Rg7 89. Re6+ Kf7 90. Re1+ Kf6 91. Kd6 Rg5 92.
Be6 Rg7 93. Rf1+ Kg5 94. Ke5 Kg6 95. Rf2 Kg5 96. Rh2 Kg6 97. Bf5+ Kf7 98. Rb2
Ke7 99. Rb6 Kf7 100. Rf6+ Ke7 101. Bg6 Kd7 102. Kd5 Kc7 103. Kc5 Kd8 104. Ra6
Rc7+ 105. Kd6 Rd7+ 106. Ke6 Re7+ 107. Kf6 Re1 108. Ra7 Kc8 109. Bf5+ Kb8 110.
Re7 Rxe7 111. Kxe7 1/2-1/2

[Event "Druzynowe Mistrzostwa Polski - I Liga Seniorow 2019"]
[Site "Osrodek „Grod Piastow” ul. Jachtowa 42, 78-131 Dzwirzyno"]
[Date "1899-12-30"]
[Round "3.15"]
[White "Plichta, Kamil"]
[Black "Kosakowski, Jakub"]
[Result "1-0"]
[WhiteTitle "FM"]
[BlackTitle "FM"]
[WhiteElo "2349"]
[BlackElo "2411"]

1. d4 d5 2. c4 e6 3. Nc3 Bb4 4. a3 Bxc3+ 5. bxc3 Nf6 6. cxd5 exd5 7. e3 O-O 8.
f3 c5 9. Bd3 b6 10. Ne2 Ba6 11. O-O Re8 12. Ng3 Bxd3 13. Qxd3 Nc6 14. Bb2 c4 15.
Qd2 h5 16. Rae1 g6 17. Nh1 Re6 18. Nf2 Qe7 19. Re2 Re8 20. Rfe1 Nh7 21. e4 f5
22. Kf1 fxe4 23. fxe4 Nf6 24. e5 Nh7 25. Nh3 g5 26. Kg1 Nd8 27. a4 Rg6 28. Qc1
Ne6 29. Ba3 Qg7 30. Rf1 g4 31. Nf4 Nxf4 32. Qxf4 Ng5 33. Qf5 Qf7 34. Qxf7+ Nxf7
35. Ref2 Ng5 36. Rf8+ Rxf8 37. Rxf8+ Kh7 38. Rd8 Ne4 39. Rxd5 Re6 40. Rd7+ Kg6
41. Bb2 a6 42. Rb7 h4 43. Kf1 h3 44. gxh3 gxh3 45. Ke2 Kf5 46. Ke3 Rg6 47. Rb8
Ng5 48. Rf8+ Ke6 49. Kf4 Nh7 50. Rh8 Rg7 51. Bc1 Rf7+ 52. Ke4 Kd5+ 1-0

[Event "Druzynowe Mistrzostwa Polski - I Liga Seniorow 2019"]
[Site "Osrodek „Grod Piastow” ul. Jachtowa 42, 78-131 Dzwirzyno"]
[Date "1899-12-30"]
[Round "3.16"]
[White "Walter, Szymon"]
[Black "Reza, Wojciech"]
[Result "1/2-1/2"]
[WhiteTitle "FM"]
[BlackTitle "FM"]
[WhiteElo "2311"]
[BlackElo "2293"]

1. e4 e5 2. Nf3 Nc6 3. Bb5 a6 4. Ba4 Nf6 5. O-O Be7 6. Re1 b5 7. Bb3 d6 8. c3 O-O
9. d4 Bg4 10. Be3 exd4 11. cxd4 Na5 12. Bc2 c5 13. h3 Bh5 14. Nbd2 Nd7 15. g4
Bg6 16. Nf1 cxd4 17. Bxd4 Nc6 18. Ne3 Nde5 19. Bxe5 dxe5 1/2-1/2

[Event "Druzynowe Mistrzostwa Polski - I Liga Seniorow 2019"]
[Site "Osrodek „Grod Piastow” ul. Jachtowa 42, 78-131 Dzwirzyno"]
[Date "1899-12-30"]
[Round "3.17"]
[White "Renkowski, Piotr"]
[Black "Dzierzak, Radoslaw"]
[Result "0-1"]
[WhiteTitle "k+"]
[BlackTitle "FM"]
[WhiteElo "2179"]
[BlackElo "2253"]

1. e4 c5 2. Nc3 Nc6 3. f4 g6 4. Nf3 Bg7 5. d3 d6 6. g3 e6 7. Bg2 Nge7 8. O-O O-O
9. Be3 Nd4 10. Bf2 Nec6 11. Nxd4 Nxd4 12. Rb1 Bd7 13. Ne2 Ba4 14. b3 Bc6 15. c4
b5 16. Nxd4 cxd4 17. Be1 bxc4 18. bxc4 Rc8 19. f5 exf5 20. exf5 Bxg2 21. Kxg2
d5 22. c5 Re8 23. Rb7 Re7 24. Ba5 Qe8 25. Rxe7 Qxe7 26. Bb4 Qb7 27. a3 a5 28.
Bxa5 Rxc5 29. Bb4 Rc8 30. Qd2 Qa6 31. Qf4 Qxd3 32. f6 Bh8 33. Be7 Qe4+ 34. Kh3
h5 35. Rf2 Kh7 36. Rd2 Qe6+ 37. Kg2 Bg7 38. fxg7 Qxe7 39. a4 d3 40. Rxd3 Qe2+
0-1

[Event "Druzynowe Mistrzostwa Polski - I Liga Seniorow 2019"]
[Site "Osrodek „Grod Piastow” ul. Jachtowa 42, 78-131 Dzwirzyno"]
[Date "1899-12-30"]
[Round "3.19"]
[White "Chylewski, Patryk"]
[Black "Sapis, Witalis"]
[Result "1/2-1/2"]
[WhiteTitle "FM"]
[BlackTitle "IM"]
[WhiteElo "2342"]
[BlackElo "2376"]

1. d4 Nf6 2. c4 c6 3. Nc3 d5 4. cxd5 cxd5 5. Bf4 Nc6 6. e3 a6 7. Bd3 Bg4 8. Nge2
e6 9. O-O Bd6 10. f3 Bh5 11. Rc1 Bg6 12. Bxd6 Qxd6 13. Nf4 O-O 14. Bxg6 hxg6 15.
Nd3 e5 16. dxe5 Nxe5 17. Nxe5 Qxe5 18. Qd4 Qe7 19. Nxd5 Nxd5 20. Qxd5 Qxe3+ 21.
Kh1 1/2-1/2

[Event "Druzynowe Mistrzostwa Polski - I Liga Seniorow 2019"]
[Site "Osrodek „Grod Piastow” ul. Jachtowa 42, 78-131 Dzwirzyno"]
[Date "1899-12-30"]
[Round "3.20"]
[White "Godzwon, Iwo"]
[Black "Nowak, Lukasz"]
[Result "0-1"]
[WhiteTitle "FM"]
[BlackTitle "FM"]
[WhiteElo "2265"]
[BlackElo "2270"]

1. e4 c5 2. Nf3 d6 3. d4 cxd4 4. Nxd4 Nf6 5. Nc3 a6 6. Be3 e6 7. f3 b5 8. Qd2 Nbd7
9. g4 b4 10. Na4 h6 11. O-O-O Ne5 12. b3 Bd7 13. Nb2 d5 14. Nd3 Nxf3 15. Nxf3
dxe4 16. Nde5 exf3 17. g5 hxg5 18. Bxg5 Ne4 19. Bxd8 Nxd2 20. Rxd2 Rxd8 21. Bxa6
Rh5 22. Re1 g6 23. Nxd7 Bh6 24. Nf6+ Ke7 25. Ne4 Rxd2 26. Nxd2 Rxh2 27. Rd1 Kd6
28. Bb7 Kc5 29. Bxf3 Kd4 30. Bc6 Kc3 31. Be8 Bxd2+ 32. Kb1 Rf2 33. Rg1 e5 34.
Bxf7 Rxf7 35. Rg3+ Kd4 36. Rd3+ Ke4 37. Rxd2 Kf3 38. Rd3+ Ke2 39. Rg3 e4 40. c3
e3 41. Rxg6 Kf2 42. Re6 e2 43. cxb4 Rf3 44. Rxe2+ Kxe2 45. Kc2 Rd3 46. b5 Ke3
47. b6 Ke4 48. a4 Rd8 49. Kc3 Kd5 50. Kb4 Kc6 51. a5 Rd4+ 52. Kc3 Rh4 53. b4 Kb5
0-1

[Event "Druzynowe Mistrzostwa Polski - I Liga Seniorow 2019"]
[Site "Osrodek „Grod Piastow” ul. Jachtowa 42, 78-131 Dzwirzyno"]
[Date "1899-12-30"]
[Round "3.21"]
[White "Winiarski, Mikolaj"]
[Black "Tofil, Borys"]
[Result "1/2-1/2"]
[WhiteTitle "FM"]
[BlackTitle "k"]
[WhiteElo "2213"]
[BlackElo "2202"]

1. e4 g6 2. d4 Bg7 3. c4 d6 4. Nc3 c6 5. Be3 Qa5 6. Qd2 a6 7. Bd3 b5 8. Nge2 Bb7
9. O-O Nd7 10. b4 Qc7 11. a4 bxc4 12. Bxc4 Ngf6 13. Bh6 O-O 14. Bxg7 Kxg7 15.
Bd3 e5 16. dxe5 Nxe5 17. f4 Nxd3 18. Qxd3 Rfe8 19. Kh1 Rad8 20. Ng3 Qb6 21. a5
Qc7 22. Na4 1/2-1/2

[Event "Druzynowe Mistrzostwa Polski - I Liga Seniorow 2019"]
[Site "Osrodek „Grod Piastow” ul. Jachtowa 42, 78-131 Dzwirzyno"]
[Date "1899-12-30"]
[Round "3.22"]
[White "Kowalski, Maciej"]
[Black "Kokoszczynski, Jan"]
[Result "1/2-1/2"]
[WhiteTitle "k"]
[BlackTitle "k"]
[WhiteElo "2095"]
[BlackElo "2289"]

1. Nf3 Nf6 2. b3 g6 3. Bb2 Bg7 4. d4 O-O 5. e3 d6 6. Be2 Nbd7 7. O-O e5 8. c4 e4
9. Nfd2 Re8 10. Nc3 Nf8 11. Qc2 Bf5 12. b4 h5 13. a4 N8h7 14. a5 Ng5 15. Qb3 h4
16. a6 b6 17. d5 h3 18. g3 Bg4 19. Qd1 Qd7 20. Nb5 Bxe2 21. Qxe2 Re7 22. Ra2 Qg4
23. Qxg4 Nxg4 24. Bxg7 Kxg7 25. Rc1 Ne5 26. Nd4 Ngf3+ 27. N2xf3 Nxf3+ 28. Nxf3
exf3 29. Kf1 Re4 30. Ke1 f5 31. Kd2 Kf6 32. Kc3 g5 33. Kb3 Rae8 34. Rc3 Ke5 1/2-1/2

[Event "Druzynowe Mistrzostwa Polski - I Liga Seniorow 2019"]
[Site "Osrodek „Grod Piastow” ul. Jachtowa 42, 78-131 Dzwirzyno"]
[Date "1899-12-30"]
[Round "3.23"]
[White "Rozycki, Bartlomiej"]
[Black "Gosciniak, Tomasz"]
[Result "1-0"]
[WhiteTitle "k++"]
[BlackTitle "I"]
[WhiteElo "2200"]
[BlackElo "1931"]

1. e4 e6 2. d4 d5 3. Nd2 dxe4 4. Nxe4 Nf6 5. Bd3 Nc6 6. Nf3 h6 7. c3 Bd7 8. Bf4
Nxe4 9. Bxe4 g5 10. Be5 Nxe5 11. Nxe5 c6 12. Qh5 Qe7 13. Nxf7 Rg8 14. Nxh6+ 1-0

[Event "Druzynowe Mistrzostwa Polski - I Liga Seniorow 2019"]
[Site "Osrodek „Grod Piastow” ul. Jachtowa 42, 78-131 Dzwirzyno"]
[Date "1899-12-30"]
[Round "3.24"]
[White "Gosciniak, Maria"]
[Black "Moscicka, Pola"]
[Result "0-1"]
[WhiteTitle "WFM"]
[BlackTitle "k++"]
[WhiteElo "2132"]
[BlackElo "1994"]

1. e4 c5 2. Nf3 Nc6 3. d4 cxd4 4. Nxd4 Nf6 5. Nc3 e5 6. Ndb5 d6 7. Nd5 Nxd5 8.
exd5 Nb8 9. c4 Nd7 10. Bd3 Be7 11. O-O O-O 12. Kh1 a6 13. Nc3 f5 14. f3 Kh8 15.
Be3 Bg5 16. Bf2 Qe8 17. b4 Qh5 18. Ne2 f4 19. c5 Rf6 20. Bg1 Rh6 21. Bf5 Be7 22.
Bg4 Qg5 23. c6 bxc6 24. dxc6 Nf6 25. Bxc8 Rxc8 26. Qa4 Rg6 27. Rf2 Nd5 28. Qxa6
Rf8 29. Qb7 e4 30. fxe4 Ne3 31. c7 Ng4 32. Rxf4 Nxh2 33. g3 Qh5 34. c8=Q Nf1+
35. Kg2 Qxe2+ 36. Rf2 Rxg3+ 37. Kh1 Rxg1+ 0-1

[Event "Druzynowe Mistrzostwa Polski - I Liga Seniorow 2019"]
[Site "Osrodek „Grod Piastow” ul. Jachtowa 42, 78-131 Dzwirzyno"]
[Date "1899-12-30"]
[Round "3.25"]
[White "Sopur, Lech"]
[Black "Golubka, Petro"]
[Result "1-0"]
[WhiteTitle "m"]
[BlackTitle "IM"]
[WhiteElo "2417"]
[BlackElo "2479"]

1. Nf3 Nf6 2. g3 b6 3. Bg2 Bb7 4. O-O e6 5. c4 Be7 6. Nc3 O-O 7. d4 Ne4 8. Bd2
Nxd2 9. Qxd2 d6 10. Ne1 Bxg2 11. Nxg2 Bf6 12. Rfd1 Nd7 13. Qc2 c6 14. Rac1 a6
15. Ne4 Be7 16. h4 d5 17. Nd2 Rc8 18. e4 b5 19. exd5 exd5 20. cxd5 cxd5 21. Qf5
Nf6 22. Nb3 g6 23. Qf3 Ne4 24. Rxc8 Qxc8 25. Rc1 Qa8 26. Nf4 Bd6 27. Kg2 Re8 28.
h5 a5 29. hxg6 fxg6 30. Nd3 Rf8 31. Qg4 Qe8 32. Nbc5 b4 33. Qe6+ Qf7 34. Qxf7+
Rxf7 35. Ne6 Re7 36. Nef4 Bxf4 37. Nxf4 Rd7 38. Rc6 Kf7 39. Nd3 Ra7 40. f3 Nd2
41. Ne5+ Kg7 42. Rc5 a4 43. Rxd5 a3 44. bxa3 Rxa3 45. Rb5 Rxa2 46. Rxb4 g5 47.
g4 Ne4+ 48. Kf1 Ng3+ 49. Ke1 h5 50. Rb7+ Kf6 51. Rb6+ Ke7 52. gxh5 Nxh5 53. d5
Ra8 54. Rh6 Ra1+ 55. Kd2 Ra2+ 56. Kc1 Nf6 57. d6+ Kxd6 58. Ng4 Kd5 1-0

[Event "Druzynowe Mistrzostwa Polski - I Liga Seniorow 2019"]
[Site "Osrodek „Grod Piastow” ul. Jachtowa 42, 78-131 Dzwirzyno"]
[Date "1899-12-30"]
[Round "3.26"]
[White "Kislinsky, Alexey"]
[Black "Flis, Pawel"]
[Result "1-0"]
[WhiteTitle "GM"]
[BlackTitle "k+"]
[WhiteElo "2448"]
[BlackElo "1897"]

1. e4 c5 2. c3 g6 3. d4 cxd4 4. cxd4 d5 5. exd5 Nf6 6. Nc3 Bg7 7. Bc4 O-O 8. Nge2
b6 9. Nf4 Bb7 10. Qe2 a6 11. O-O b5 12. Bb3 Nbd7 13. Re1 Re8 14. Nd3 Nb6 15. Bg5
Nbxd5 16. Nc5 Nxc3 17. bxc3 Bd5 18. Rad1 e6 19. Bh4 Qd6 20. Rd3 Qc6 21. Bxf6 Bxf6
22. Qg4 a5 23. Rde3 a4 24. Bxd5 Qxd5 25. a3 Qa2 26. h4 h5 27. Qf3 Bxh4 28. g3
Bg5 29. Re5 Bh6 30. d5 Bg7 31. dxe6 Bxe5 32. Qxf7+ Kh8 33. Qxg6 Bxc3 34. Qxh5+
Kg8 35. Qf7+ Kh8 36. Re4 Qa1+ 37. Kg2 Bf6 38. Qh5+ Kg8 39. Rg4+ 1-0

[Event "Druzynowe Mistrzostwa Polski - I Liga Seniorow 2019"]
[Site "Osrodek „Grod Piastow” ul. Jachtowa 42, 78-131 Dzwirzyno"]
[Date "1899-12-30"]
[Round "3.28"]
[White "Sabuk, Piotr"]
[Black "Redlich, Bogdan"]
[Result "1-0"]
[WhiteTitle "IM"]
[BlackTitle "k"]
[WhiteElo "2397"]
[BlackElo "1600"]

1. d4 Nf6 2. c4 g6 3. Nc3 Bg7 4. e4 d6 5. Nf3 O-O 6. h3 e5 7. d5 Na6 8. Bg5 h6
9. Be3 Nc5 10. Nd2 a5 11. g4 Nh7 12. h4 f5 13. exf5 gxf5 14. g5 hxg5 15. hxg5
Nxg5 16. Qh5 f4 17. Bxc5 dxc5 18. Nde4 Nxe4 19. Nxe4 Bf5 20. Bh3 Qc8 21. O-O-O
Bxh3 22. Rxh3 Qf5 23. Qf3 Ra6 24. Rh5 Qg6 25. Rg5 Qh7 26. d6 cxd6 27. Rh1 1-0

[Event "Druzynowe Mistrzostwa Polski - I Liga Seniorow 2019"]
[Site "Osrodek „Grod Piastow” ul. Jachtowa 42, 78-131 Dzwirzyno"]
[Date "1899-12-30"]
[Round "3.29"]
[White "Kelm, Robert"]
[Black "Kucza, Karol"]
[Result "0-1"]
[WhiteTitle "I"]
[BlackTitle "FM"]
[WhiteElo "1585"]
[BlackElo "2280"]

1. c4 e6 2. Nf3 d5 3. g3 Nf6 4. Bg2 Be7 5. O-O O-O 6. d4 dxc4 7. Qa4 a6 8. Qxc4
b5 9. Qc2 Bb7 10. Nbd2 Nbd7 11. Rd1 c5 12. a4 Rc8 13. axb5 axb5 14. Qb1 Qb6 15.
e4 cxd4 16. Ne1 e5 17. Nb3 h6 18. f3 Nc5 19. Nxc5 Bxc5 20. Qd3 Ra8 21. Bd2 Bd6
22. Bf1 Bc6 23. Qb3 Nd7 24. Bb4 Nc5 25. Bxc5 Bxc5 26. Bd3 Bd6 27. Rdc1 Bd7 28.
Rxa8 Rxa8 29. Bc4 d3+ 0-1

[Event "Druzynowe Mistrzostwa Polski - I Liga Seniorow 2019"]
[Site "Osrodek „Grod Piastow” ul. Jachtowa 42, 78-131 Dzwirzyno"]
[Date "1899-12-30"]
[Round "4.1"]
[White "Nayhebaver, Martin"]
[Black "Golubka, Petro"]
[Result "0-1"]
[WhiteTitle "IM"]
[BlackTitle "IM"]
[WhiteElo "2469"]
[BlackElo "2479"]

1. d4 Nf6 2. c4 g6 3. Nc3 d5 4. Nf3 Bg7 5. Bg5 c6 6. Bxf6 Bxf6 7. cxd5 cxd5 8.
Qb3 e6 9. e3 Nc6 10. Be2 O-O 11. O-O Bd7 12. Rfc1 Na5 13. Qd1 Rc8 14. Nd2 Nc6
15. a3 Ne7 16. Nb3 e5 17. Qd2 exd4 18. Nxd4 Qb6 19. Bf3 Bxd4 20. exd4 Be6 21.
Re1 Qd6 22. Qg5 Nf5 23. Qf6 Qb6 24. Nxd5 Qxb2 25. Reb1 Qd2 26. Rd1 Qa5 27. Ne3
Nxe3 28. fxe3 Bb3 29. Re1 b5 30. d5 Rfd8 31. e4 Qc3 32. Qg5 a5 33. Kh1 f6 34.
Qf4 Qd4 35. Rac1 Bc2 36. Qg4 f5 37. Qh3 b4 38. axb4 axb4 39. e5 b3 40. e6 b2 41.
e7 Re8 0-1

[Event "Druzynowe Mistrzostwa Polski - I Liga Seniorow 2019"]
[Site "Osrodek „Grod Piastow” ul. Jachtowa 42, 78-131 Dzwirzyno"]
[Date "1899-12-30"]
[Round "4.2"]
[White "Kislinsky, Alexey"]
[Black "Roubalik, Jakub"]
[Result "1/2-1/2"]
[WhiteTitle "GM"]
[BlackTitle ""]
[WhiteElo "2448"]
[BlackElo "2405"]

1. e4 e5 2. Nf3 Nc6 3. d4 exd4 4. Nxd4 Nf6 5. Nxc6 bxc6 6. e5 Qe7 7. Qe2 Nd5 8.
h4 Qe6 9. g3 d6 10. c4 Nb6 11. Bg2 dxe5 12. Nd2 Bb4 13. O-O O-O 14. b3 f6 15.
Bb2 Bd7 16. Ne4 Be7 17. Qe3 Rab8 18. Bc3 Rfd8 19. f4 exf4 20. Qxf4 Bd6 21. Nxd6
Qxd6 22. Qf2 Qd3 23. Rac1 Re8 24. Rfd1 Qe2 25. Rd2 Qxf2+ 26. Kxf2 c5 27. Bf3 Bf5
28. Rcd1 Kf7 29. Bb2 Nc8 30. g4 Be6 31. Ba3 Nd6 32. Bxc5 Bxg4 33. Bxd6 Bxf3 34.
Kxf3 cxd6 35. Rxd6 Re7 36. Rd7 Rb7 37. Rxb7 Rxb7 38. Rd6 Ke7 39. Ra6 Kd8 40. h5
Rf7 41. Kf4 g6 42. h6 Kc8 43. c5 f5 44. b4 g5+ 45. Kxg5 f4 46. Re6 f3 47. Re1
f2 48. Rf1 Kd7 49. b5 Ke6 50. Kg4 Kd5 51. c6 a6 52. bxa6 Kxc6 53. Kg3 Rf6 54.
Rxf2 Rg6+ 55. Kf4 Rxh6 56. Ke4 1/2-1/2

[Event "Druzynowe Mistrzostwa Polski - I Liga Seniorow 2019"]
[Site "Osrodek „Grod Piastow” ul. Jachtowa 42, 78-131 Dzwirzyno"]
[Date "1899-12-30"]
[Round "4.4"]
[White "Sabuk, Piotr"]
[Black "Ciesla, Adam"]
[Result "0-1"]
[WhiteTitle "IM"]
[BlackTitle "m"]
[WhiteElo "2397"]
[BlackElo "2273"]

1. d4 g6 2. e4 Bg7 3. Nf3 c5 4. d5 d6 5. Nc3 a6 6. a4 Nf6 7. Bc4 Bg4 8. h3 Bxf3
9. Qxf3 O-O 10. O-O Nfd7 11. Qe2 f5 12. f4 Kh8 13. Bd2 Nb6 14. Bd3 N8d7 15. a5
c4 16. Bxc4 Nxc4 17. Qxc4 Rc8 18. Qe2 Rc5 19. Rae1 Bf6 20. exf5 gxf5 21. Kh2 Rxa5
22. Qe6 Rc5 23. g4 b5 24. g5 Bg7 25. Rf2 b4 26. Nd1 Rxc2 27. Bxb4 Rxf2+ 28. Nxf2
Qb6 29. Nd3 Qd4 30. Qxd7 Qxd3 31. Qxe7 Rc8 32. Re2 Be5 33. fxe5 Qxe2+ 34. Kg3
Qe3+ 0-1

[Event "Druzynowe Mistrzostwa Polski - I Liga Seniorow 2019"]
[Site "Osrodek „Grod Piastow” ul. Jachtowa 42, 78-131 Dzwirzyno"]
[Date "1899-12-30"]
[Round "4.13"]
[White "Klekowski, Maciej"]
[Black "Chylewski, Patryk"]
[Result "1-0"]
[WhiteTitle "IM"]
[BlackTitle "FM"]
[WhiteElo "2473"]
[BlackElo "2342"]

1. Nf3 Nf6 2. c4 c5 3. g3 b6 4. Bg2 Bb7 5. O-O e6 6. b3 Be7 7. Bb2 O-O 8. d4 cxd4
9. Qxd4 Nc6 10. Qf4 d5 11. Nc3 Bd6 12. Qh4 dxc4 13. Rfd1 Qe7 14. Rxd6 Qxd6 15.
Ng5 h6 16. Nce4 Nxe4 17. Nxe4 Qd8 18. Bf6 Qd5 19. Qg4 g6 20. bxc4 Qxc4 21. Qh4
h5 22. Qf4 Nd4 23. Qh6 Nxe2+ 24. Kh1 1-0

[Event "Druzynowe Mistrzostwa Polski - I Liga Seniorow 2019"]
[Site "Osrodek „Grod Piastow” ul. Jachtowa 42, 78-131 Dzwirzyno"]
[Date "1899-12-30"]
[Round "4.14"]
[White "Kowalski, Igor"]
[Black "Barski, Radoslaw"]
[Result "0-1"]
[WhiteTitle "FM"]
[BlackTitle "IM"]
[WhiteElo "2364"]
[BlackElo "2425"]

1. d4 Nf6 2. c4 e6 3. Nf3 d5 4. Nc3 c6 5. cxd5 exd5 6. Bg5 Nbd7 7. e3 h6 8. Bh4
g5 9. Bg3 Nh5 10. Bd3 Nxg3 11. hxg3 Bg7 12. Qc2 Nb6 13. O-O-O Be6 14. Ne5 Bxe5
15. dxe5 Qe7 16. f4 O-O-O 17. Ne2 Kb8 18. Nd4 c5 19. Nxe6 fxe6 20. Be2 c4 21.
Kb1 Qc5 22. Qd2 Rhg8 23. Bf3 g4 24. Be2 Qf8 25. Rh4 Nc8 26. Qc2 h5 27. Rxh5 Qc5
28. e4 dxe4 29. Rc1 b5 30. Qxe4 Rd2 31. Rh7 Ne7 32. Rc2 Rxc2 33. Qxc2 Nd5 34.
a3 Qe3 35. Ka2 Qxg3 36. f5 Qxe5 37. fxe6 Qxe6 38. Qd1 c3 39. b3 c2 40. Qd4 c1=N+
41. Kb1 Qf5+ 42. Kxc1 Rc8+ 43. Kd2 Qxh7 44. Qxd5 Qc2+ 45. Ke1 Qc1+ 46. Bd1 Qe3+
47. Kf1 Qf4+ 48. Ke1 Re8+ 49. Be2 Qc1+ 50. Qd1 Qxd1+ 51. Kxd1 Re3 0-1

[Event "Druzynowe Mistrzostwa Polski - I Liga Seniorow 2019"]
[Site "Osrodek „Grod Piastow” ul. Jachtowa 42, 78-131 Dzwirzyno"]
[Date "1899-12-30"]
[Round "4.15"]
[White "Kosakowski, Jakub"]
[Black "Winiarski, Mikolaj"]
[Result "1-0"]
[WhiteTitle "FM"]
[BlackTitle "FM"]
[WhiteElo "2411"]
[BlackElo "2213"]

1. e4 c5 2. Nf3 e6 3. d4 cxd4 4. Nxd4 Nc6 5. Nc3 d6 6. Be3 Nf6 7. Qe2 a6 8. O-O-O
Qc7 9. g4 h5 10. Nxc6 Qxc6 11. g5 Nd7 12. f4 b5 13. a3 Bb7 14. g6 Be7 15. gxf7+
Kxf7 16. Rg1 Rac8 17. e5 d5 18. Bd4 g6 19. Bh3 Rcg8 20. Rg3 b4 21. axb4 Bxb4 22.
Rdg1 a5 23. f5 Nc5 24. fxe6+ Nxe6 25. Qf2+ Ke8 26. Rxg6 Rxg6 27. Rxg6 Nxd4 28.
Rxc6 1-0